Normal view
MARC view
Entry Uniform Title
001 - CONTROL NUMBER
- control field: 19491
003 - CONTROL NUMBER IDENTIFIER
- control field: dpl
005 - DATE AND TIME OF LATEST TRANSACTION
- control field: 20100910142322.0
008 - FIXED-LENGTH DATA ELEMENTS
- fixed length control field: 100910|||a|||||| | ||| d
040 ## - CATALOGING SOURCE
- Original cataloging agency: dpl
- Transcribing agency: dpl
130 ## - HEADING--UNIFORM TITLE
- Uniform title: Silver Bell children classics
670 ## - SOURCE DATA FOUND
- Source citation: Work cat.: (dpl): Haggard, H. Rider 19490, King Solomon's Mines /, 2007
670 ## - SOURCE DATA FOUND
- Source citation: Work cat.: (dpl): Haggard, H. Rider 19490, King Solomon's Mines /, 2007
